Biogenic Synthesis of Palladium Nanoparticles using Malus Domestic and Extract and their Catalytic Activity towards the Suzuki Coupling Reactions / (Record no. 534254)

000 -LEADER
fixed length control field 00584nam a22001577a 4500
020 ## - INTERNATIONAL STANDARD BOOK NUMBER
Qualifying information Hard Cover.
082 ## - DEWEY DECIMAL CLASSIFICATION NUMBER
Classification number 620.5
100 ## - MAIN ENTRY--PERSONAL NAME
Personal name Qazi, Farah
245 ## - TITLE STATEMENT
Title Biogenic Synthesis of Palladium Nanoparticles using Malus Domestic and Extract and their Catalytic Activity towards the Suzuki Coupling Reactions /
Statement of responsibility, etc. Farah Qazi.
260 ## - PUBLICATION, DISTRIBUTION, ETC.
Place of publication, distribution, etc. Islamabad:
Name of publisher, distributor, etc. SCME - NUST,
Date of publication, distribution, etc. 2017.
300 ## - PHYSICAL DESCRIPTION
Extent 62 p. :
Other physical details ill. ;
Dimensions 30cm.
942 ## - ADDED ENTRY ELEMENTS (KOHA)
Source of classification or shelving scheme
Koha item type Thesis
650 ## - SUBJECT ADDED ENTRY--TOPICAL TERM
Topical term or geographic name entry element Nano Science Engineering MS-Thesis.
700 ## - ADDED ENTRY--PERSONAL NAME
Personal name Dr. Zakir Hussain
650 ## - SUBJECT ADDED ENTRY--TOPICAL TERM
-- 16381
700 ## - ADDED ENTRY--PERSONAL NAME
-- 16137
Holdings
Withdrawn status Lost status Source of classification or shelving scheme Damaged status Not for loan Permanent Location Current Location Shelving location Date acquired Total Checkouts Full call number Barcode Date last seen Price effective from Koha item type
          Central Library (CL) Central Library (CL) Thesis 02/10/2020   620.5 CL-T-4972 02/10/2020 02/10/2020 Thesis
© 2023 Central Library, National University of Sciences and Technology. All Rights Reserved.